000 00605nam a2200265Ia 4500
005 20260306164149.0
008 008 260114s9999 xx 000 0 eng d
020 _a9781474408684
037 _aEBOOK
040 _aCRL
040 _beng
040 _cCRL
041 _2eng
041 _aeng
084 _qCRL
100 _aDejanovic
_9896711
245 0 _aNancy And The Political
260 _bEdinburgh University Press
260 _c2015
650 _aPhilosophy
856 _uhttps://academic.oup.com/book/16005
942 _cEBOOK
999 _c1713002
_d1713002